| 000 | 01081nam a2200253Ia 4500 | ||
|---|---|---|---|
| 001 | dia_970 | ||
| 003 | CHAP | ||
| 005 | 20251021145838.0 | ||
| 008 | 220601s9999 xx 000 0 und d | ||
| 040 | _cCHAP | ||
| 082 | _a338.1 M45 1982 | ||
| 110 |
_aMéxico. Secretaría de Agricultura y Recursos Hidraúlicos, Coordinación General de Desarrollo Agroindustrial _9175727 |
||
| 245 | _aInventario Nacional de Proyectos de Inversión Agroindustrial : por entidad federativa / Secretaría de Agricultura y Recursos Hidraúlicos, Coordinación General de Desarrollo Agroindustrial | ||
| 260 | _aMéxico : SARH | ||
| 300 | _axx, 496 p. | ||
| 440 |
_aDocumentos técnicos para el desarrollo agroindustrial _933294 |
||
| 503 | _aC/e | ||
| 650 |
_a1. Proyectos agroindustriales - Investigación _9175728 |
||
| 700 |
_aSecretaría de Agricultura y Recursos Hidraúlicos, Coordinación General de Desarrollo Agroindustrial Ì _9175729 |
||
| 901 | _a338.1 M45 1982 | ||
| 902 | _aM | ||
| 905 | _a0000001982 MX amn 0000000000SPA00 | ||
| 942 |
_cLIBRO _2ddc |
||
| 999 |
_c209274 _d209274 |
||